pakistan the identity of culture (Record no. 14107)
[ view plain ]
| 000 -LEADER | |
|---|---|
| fixed length control field | 00232nam a22001097a 4500 |
| 082 ## - DEWEY DECIMAL CLASSIFICATION NUMBER | |
| Classification number | 954.7JAM |
| 100 ## - MAIN ENTRY--AUTHOR NAME | |
| Personal name | Jameel Jalibi |
| 245 ## - TITLE STATEMENT | |
| Title | pakistan the identity of culture |
| 260 ## - PUBLICATION, DISTRIBUTION, ETC. (IMPRINT) | |
| Place of publication | Karachi |
| Year of publication | 1984 |
| 300 ## - PHYSICAL DESCRIPTION | |
| Number of Pages | 212 |
| 942 ## - ADDED ENTRY ELEMENTS (KOHA) | |
| Koha item type | Books |
| Withdrawn status | Lost status | Home library | Current library | Date acquired | Cost, normal purchase price | Full call number | Accession Number | Koha item type |
|---|---|---|---|---|---|---|---|---|
| Reference Section | Reference Section | 17/09/2015 | 110.00 | 954.7JAM(Shelf - 98A) | 11896 | Books |